[Event "Coventry e2e4 op"]
[Site "Coventry"]
[Date "2013.08.24"]
[Round "3"]
[White "Ali, Golam Shabbir"]
[Black "Horspool, Philip"]
[Result "0-1"]
[WhiteElo "1848"]
[BlackElo "2008"]
[PlyCount "52"]
[EventDate "2013.08.23"]
[EventType "swiss"]
[EventRounds "7"]
[EventCountry "ENG"]
[SourceTitle "CBM 156 Extra"]
[Source "ChessBase"]
[SourceDate "2013.10.22"]
[SourceVersion "1"]
[SourceVersionDate "2013.10.22"]
[SourceQuality "1"]

1. d4 Nf6 2. c4 c5 3. d5 b5 4. cxb5 a6 5. Nc3 axb5 6. e4 b4 7. e5 bxc3 8. exf6 cxb2 9. Bxb2 Qa5+ 10. Qd2 Qxd2+ 11. Kxd2 gxf6 12. f4 Bh6 13. g3 Bb7 14. Bg2 d6 15. Ne2 Nd7 16. Nc3 Nb6 17. Nb5 0-0 18. Rhe1 Bxd5 19. Nc7 Bxg2 20. Nxa8 Rxa8 21. Rxe7 Nc4+ 22. Kc3 Nxb2 23. Kxb2 f5 24. Rd1 Bg7+ 25. Kb3 Rb8+ 26. Ka4 Bc3 0-1

[Event "Leicester Atkins op"]
[Site "Leicester"]
[Date "2012.09.30"]
[Round "4"]
[White "Ali, Golam Shabbir"]
[Black "Colburn, Paul J"]
[Result "0-1"]
[WhiteElo "1887"]
[BlackElo "1988"]
[PlyCount "92"]
[EventDate "2012.09.28"]
[EventType "swiss"]
[EventRounds "5"]
[EventCountry "ENG"]
[SourceTitle "CBM 150 Extra"]
[Source "ChessBase"]
[SourceDate "2012.10.19"]
[SourceVersion "1"]
[SourceVersionDate "2012.10.19"]
[SourceQuality "1"]

1. d4 Nf6 2. c4 c5 3. d5 b5 4. cxb5 a6 5. bxa6 Bxa6 6. Nc3 g6 7. e4 Bxf1 8. Kxf1 d6 9. Nf3 Bg7 10. g3 Qb6 11. Kg2 0-0 12. Re1 Nfd7 13. Qe2 Na6 14. Be3 Rfb8 15. Bc1 Qa5 16. a4 Rb4 17. Ra2 Rab8 18. Bd2 Rxb2 19. Rxb2 Rxb2 20. Nd1 Rxd2 21. Qxd2 Qxa4 22. Qg5 Bf6 23. Qg4 c4 24. Ne3 c3 25. e5 Qxg4 26. Nxg4 dxe5 27. Nfxe5 Nxe5 28. Nxe5 Nb4 29. Nd7 Bd4 30. Kf3 c2 31. Ke4 Bb2 32. Nc5 c1Q 33. Rxc1 Bxc1 34. h4 Bb2 35. g4 Kg7 36. f4 h5 37. gxh5 gxh5 38. Nd7 Bc3 39. Ne5 Be1 40. Nf3 Bg3 41. Kd4 Bxf4 42. Kc4 Bd6 43. Nd4 Kf6 44. Nb5 Nc2 45. Kd3 Ne1+ 46. Ke2 Ng2 0-1

[Event "Leicester Atkins op"]
[Site "Leicester"]
[Date "2012.09.29"]
[Round "2"]
[White "Ali, Golam Shabbir"]
[Black "Sygnowski, Tomasz"]
[Result "0-1"]
[WhiteElo "1887"]
[BlackElo "2037"]
[PlyCount "58"]
[EventDate "2012.09.28"]
[EventType "swiss"]
[EventRounds "5"]
[EventCountry "ENG"]
[SourceTitle "CBM 150 Extra"]
[Source "ChessBase"]
[SourceDate "2012.10.19"]
[SourceVersion "1"]
[SourceVersionDate "2012.10.19"]
[SourceQuality "1"]

1. d4 Nf6 2. c4 e6 3. Nf3 Be7 4. Nc3 d5 5. e3 a6 6. Ne5 Nbd7 7. Bd3 0-0 8. 0-0 dxc4 9. Nxc4 c5 10. Qf3 Rb8 11. Rd1 b5 12. Ne5 Bb7 13. Qh3 b4 14. Nxd7 Qxd7 15. dxc5 Qc6 16. Ne2 Qxc5 17. Bd2 Rfd8 18. Rac1 Qa5 19. Nd4 e5 20. Nf5 Bf8 21. Bc4 Rbc8 22. Qg3 g6 23. Qg5 Ne4 24. Ne7+ Kh8 25. Qh4 g5 26. Qh3 Bxe7 27. Qf5 Qc7 28. Bxb4 Bxb4 29. Rxd8+ Qxd8 0-1

[Event "High Wycombe e2e4 Major"]
[Site "Uplands Park"]
[Date "2011.10.10"]
[Round "1"]
[White "Ali, Golam Shabbir"]
[Black "Evans, Chris John"]
[Result "1-0"]
[WhiteElo "1874"]
[BlackElo "1850"]
[PlyCount "67"]
[EventDate "2011.10.07"]
[EventType "swiss"]
[EventRounds "5"]
[EventCountry "ENG"]
[SourceTitle "EXT 2023"]
[Source "ChessBase"]
[SourceDate "2022.10.05"]
[SourceVersion "1"]
[SourceVersionDate "2022.10.05"]
[SourceQuality "1"]

1. d4 Nf6 2. c4 c5 3. d5 b5 4. cxb5 a6 5. bxa6 Bxa6 6. Nc3 d6 7. e4 Bxf1 8. Kxf1 g6 9. Nf3 Bg7 10. g3 0-0 11. Kg2 Nbd7 12. Re1 Qc7 13. Qe2 Qb7 14. h3 Rfb8 15. a4 Nb6 16. a5 Nbd7 17. a6 Qb6 18. e5 dxe5 19. Nxe5 Nxe5 20. Qxe5 Ra7 21. Bf4 Rba8 22. Qe2 h6 23. Qf3 Nh5 24. Be5 Bxe5 25. Rxe5 Qxb2 26. Rb1 Qa3 27. Rb7 Qxa6 28. Rbxe7 Rxe7 29. Rxe7 Rf8 30. Ne4 f5 31. Re6 Qc4 32. Rxg6+ Kh7 33. Qxh5 Qxe4+ 34. Kh2 1-0